Budovanie konkurenčnej výhody v dynamickom a zložitom podnikateľskom prostredí

Podniky sú v dôsledku globalizácie nútené nachádzať nové schopnosti v rámci svojej činnosti, ktorými zabezpečia svoju jedinečnú a neopakovateľnú výhodu oproti konkurencii, a tým prispejú i k ekonomickému a sociálnemu rozvoju SR. Konkurenčná výhoda je jedným z nástrojov na zabezpečenie ich dlhodobej...

Ausführliche Beschreibung

Gespeichert in:
Bibliographische Detailangaben
1. Verfasser: Hudáková, Ivana, 1976-
Weitere Verfasser: Mišún, Juraj, 1978-
Format: Buchkapitel
Sprache:Slowakisch
Schlagworte:
Tags: Tag hinzufügen
Keine Tags, Fügen Sie das erste Tag hinzu!

MARC

LEADER 00000nla$a2200000$$$4500
001 0129249
005 20240502072501.7
041 0 |a slo 
044 |a SK 
245 1 0 |a Budovanie konkurenčnej výhody v dynamickom a zložitom podnikateľskom prostredí  |c Ivana Hudáková, Juraj Mišún 
520 |a Podniky sú v dôsledku globalizácie nútené nachádzať nové schopnosti v rámci svojej činnosti, ktorými zabezpečia svoju jedinečnú a neopakovateľnú výhodu oproti konkurencii, a tým prispejú i k ekonomickému a sociálnemu rozvoju SR. Konkurenčná výhoda je jedným z nástrojov na zabezpečenie ich dlhodobej úspešnosti na trhu a nástrojom na elimináciu dopadov krízy. 
610 2 0 |a podnik 
610 2 0 |a prostredie podnikateľské 
610 2 0 |a výhody konkurenčné 
610 2 0 |a kríza hospodárska 
100 1 |a Hudáková, Ivana, 1976- 
700 1 |a Mišún, Juraj, 1978-